Largest armies each year (1900-2023) - Statistics

General Stats
  • This quiz has been taken 253 times
  • The average score is 98 of 124
Answer Stats
Hint Answer % Correct
1943 | 1944 | 1945 USA
98%
1924 | 1925 | 1926 | +59 others China
93%
1917 | 1938 | 1939 | +2 others Germany
84%
1900 | 1901 | 1902 | +18 others Russia
81%
1940 France
73%
1922 | 1923 | 1937 | +29 others Soviet Union
49%
No matching quizzes found
Score Distribution
Percent of People with Each Score
Percentile by Number Answered
Your Score History
You have not taken this quiz